Library Banner

The student eqedge: (Record no. 91113)

MARC details
000 -LEADER
fixed length control field 00527nam a22001817a 4500
005 - DATE AND TIME OF LATEST TRANSACTION
control field 20170222112331.0
008 - FIXED-LENGTH DATA ELEMENTS--GENERAL INFORMATION
fixed length control field 170222b xxu||||| |||| 00| 0 eng d
020 ## - INTERNATIONAL STANDARD BOOK NUMBER
International Standard Book Number 9781118094617
040 ## - CATALOGING SOURCE
Transcribing agency PK-LaUMT
082 ## - DEWEY DECIMAL CLASSIFICATION NUMBER
Classification number 152.4024378198
Item number KAN-S
100 ## - MAIN ENTRY--PERSONAL NAME
Personal name Kanoy , Korrel
245 ## - TITLE STATEMENT
Title The student eqedge:
Remainder of title facilitation and activity guide/
Statement of responsibility, etc Korrel Kanoy , Steven J. Stein and Howard E. Book
260 ## - PUBLICATION, DISTRIBUTION, ETC. (IMPRINT)
Place of publication, distribution, etc Hoboken;
Name of publisher, distributor, etc Jossey-Bass,
Date of publication, distribution, etc 2013
300 ## - PHYSICAL DESCRIPTION
Extent 304 p.
546 ## - LANGUAGE NOTE
Language note en
650 ## - SUBJECT ADDED ENTRY--TOPICAL TERM
Topical term or geographic name as entry element Emotional intelligence
942 ## - ADDED ENTRY ELEMENTS (KOHA)
Koha item type Books
Holdings
Withdrawn status Lost status Damaged status Home library Current library Date acquired Full call number Barcode Date last seen Price effective from Koha item type
      UMT Main Campus UMT Main Campus 2017-02-22 152.4024378198 KAN-S 105583 2017-02-22 2017-02-22 Books